Normal view
MARC view
Entry Topical Term
001 - CONTROL NUMBER
- control field: 2977
003 - CONTROL NUMBER IDENTIFIER
- control field: OSt
005 - DATE AND TIME OF LATEST TRANSACTION
- control field: 20180523110616.0
008 - FIXED-LENGTH DATA ELEMENTS
- fixed length control field: 180523|| aca||aabn | a|a d
040 ## - CATALOGING SOURCE
- Original cataloging agency: OSt
- Transcribing agency: OSt
150 ## - HEADING--TOPICAL TERM
- Topical term or geographic name entry element: Identity -- Fiction.
670 ## - SOURCE DATA FOUND
- Source citation: Work cat.: (OSt): Dellaira, Ava 2974, In search of us / , 2018.